000 00353nam a22001457a 4500
008 210304b ||||| |||| 00| 0 eng d
020 _a9780132145381
041 _aeng
080 _a338
082 _a338
100 _a53
101 _aMEN
245 _aElectronic Commerce a Managerial and Social Networks Perspective
_cTurban, E
942 _2udc
_cBK
999 _c55711
_d55711